01492 2200277 4500001002100000005001500021035002000036008004100056020001400097041000800111082001100119084001700130100002800147245015000175250001000325260002900335300003000364520065300394650001701047990002501064990002501089990002501114990002501139990002501164990002501189INLIS00000000000525920221107101252 a0010-0520005259221107 | | ind  a97953819x aind a346.08 a346.08 HER c0 aHerlina Suyati Bachtiar1 aContoh Akta Notaris Dan Akta Di Bawah Tangan :bBuku I Mengenai Akta-Akta Hukum,Perbankan Dan Perusahaan Multi Finance /cHerlina Suyati Bachtiar aCet.1 aBandung :bAlumni,c2002 aviii,247p.;21 cm ;c21 cm aPada buku seri kedua ini, penyusun ingin membagi pengalaman yang diperoleh dalam bekerja di dunia perbankan dan perusahaan multi finance. Bersama ini penyusun menyiapkan contoh-contoh perjanjian bahwa tangan yang lazim digunakan diperbankan dan perusahaan multi finance, seperti PK untuk kredit PRK (Pinjaman Rekening Koran), PK untuk kredit fixedloan, garansi bank, kontra garansi dan lain-lain. Penyusun berharap buku ini dapat dijadikan acuan bagi pihak-pihak terutama sarjana hukum yang ingin merintis karir di bidang ini serta dapat menjadi bahan perbandingan dengan bentuk-bentuk perjanjian yang di gunakan di bank / perusahaan multi finance. 4aAkta Notaris a09063/MKRI-P/XI-2008 a09062/MKRI-P/XI-2008 a09063/MKRI-P/XI-2008 a09062/MKRI-P/XI-2008 a09062/MKRI-P/XI-2008 a09063/MKRI-P/XI-2008